000 00531nam a2200181Ia 4500
001 20098
005 20260306172741.0
008 260306t2013||||xx |||||||||||||| ||spa||
041 _aESP
082 _a342.211
_bP35 T. 4 V. 6 L. 2
100 _aPeces-Barba Martinez, Gregorio
_eAUT
245 0 _aHistoria de los derechos fundamentales:
_bsiglo XX, derechos individuales, civiles y políticos
260 _c2013
300 _axii, 838 - 1524 páginas :
_c24 cm.
650 _aGEN
654 _aCDE
942 _cLIB
_dJUS
_fJUS
_2ddc
_n
999 _c20098
_d20098